000 00565nam a22001817a 4500
005 20251126172959.0
008 251117b |||||||| |||| 00| 0 eng d
020 _a978-93-88022-36-1
041 _aeng
082 _a615.19 PAT-P
100 _aPATIL, KETAN B. PATIL, NARENDRA B. AND PATIL, PARESH A.
_98736
245 _aA PRACTICAL BOOK OF PHARMACEUTICAL INORGANIC CHEMISTRY FOR B. PHARMA [ II SEMESTER]
250 _aRE- PRINT ED. 2024
260 _aNEW DELHI
_bINNOVATIVE PUBLICATION PVT LTD
_c2024
300 _a2024;P
650 _aPHARMACY
942 _cBK
999 _c8908
_d8906